| 000 | 02205nam a2200505 c 4500 | ||
|---|---|---|---|
| 003 | BLK | ||
| 005 | 20250606104043.0 | ||
| 008 | 180409b bul|||||r ||||||| ||bul|| | ||
| 010 | _aKNG00138936000 | ||
| 020 |
_a978-954-657-789-4 _bиздат.: ПАН |
||
| 040 | _aBLK | ||
| 041 |
_aBUL _cBUL |
||
| 072 | 7 |
_2bullib _aН92 _xИстория Н |
|
| 080 |
_aИстория на България _b94(497.2) _x(092)(02.053.2) _z94(497.2)(092)(02.053.2) |
||
| 080 |
_aБиографии _b929 _x(497.2) _z929(497.2) |
||
| 100 |
_aЛалев, Цанко _qДулев, Цанко Лалев _9363801 |
||
| 700 | 1 |
_aДулев, Цанко Лалев _e* _9365797 |
|
| 700 | 1 |
_aПенчев, Исай Пенчев _eил. _9368638 |
|
| 139 |
_aЛалев, Цанко _bЛ 17 |
||
| 245 | 1 | 0 |
_aНай-великите личности на България _cЦанко Лалев; * Цанко Лалев Дулев; ил. Исай Пенчев Пенчев. |
| 257 | _aBGR | ||
| 260 |
_аСофия _bПАН _c2009 _fСофия : Инвестпрес |
||
| 300 |
_a48 с. _bс цв. ил. _c30 см |
||
| 380 | _aDN | ||
| 490 | 1 | _aЗнаете ли... | |
| 490 | 1 |
_3Подсерия _aКой кой е? |
|
| 500 | _aПълното име на авт. е Цанко Лалев Дулев. - Други ил.: Пламена Тодорова, Веселин Шахънов, Олег Топалов. - Доп. тир. 2012. | ||
| 650 | 4 |
_aИсторически личности - биографии _9291597 |
|
| 650 | 4 |
_aБиографии _9148657 |
|
| 650 | 4 |
_aПрочути личности, български _9261431 |
|
| 650 | 7 |
_aИстория - България _2 _9157745 |
|
| 651 | 4 |
_aБългария _9241624 |
|
| 653 | _aисторически личности | ||
| 653 | _aбиографии | ||
| 653 | _aбългарска история | ||
| 653 | _aлитература за деца | ||
| 653 | _aдетска литература | ||
| 659 | _aН | ||
| 852 | _aЦб ІІ 17686 | ||
| 856 | 4 |
_qpdf _u |
|
| 856 | 4 |
_qpdf _u |
|
| 942 |
_cKNG _n0 _012 |
||
| 944 |
_aCR _c05.02.2013 _lГрета Цуфелде _k30537 |
||
| 944 |
_aED _c28.11.2016 _lф / _kЛюдмила_Стоянова |
||
| 999 |
_c133047 _d133047 |
||